Word Ladder: Classic '80s Mob Film Quiz Stats

Quiz Updated May 4, 2016

Challenge
Share
Tweet
Embed
Score 0/22 Timer 02:00
1 Play Today
Clue 4-Letter Word % Correct
Ill; nauseousSICK
97.7%
Kitchen or bathroom fixtureSINK
97.3%
Fly with the eaglesSOAR
97.2%
Good, long bathSOAK
97.1%
Utter words to a tuneSING
96.7%
Item of footwearSOCK
96.1%
🎬 Fidel & Raul Castro's country 🎬CUBA
95.6%
AdorableCUTE
95.5%
🎬 Pepsi competitor; powerful drug 🎬COKE
95.4%
Big brass instrumentTUBA
95.1%
Wedding dessertCAKE
94.7%
Clue 4-Letter Word % Correct
Square blockCUBE
94.6%
Very smallTINY
94.1%
Not genuineFAKE
94%
🎬 Wound mark 🎬SCAR
92.4%
🎬 It's behind a mask 🎬FACE
92.3%
____ d' IvoireCΓ”TE
92%
Bell soundTING
91.4%
Sushi optionTUNA
90.7%
Some can't carry itTUNE
87.1%
Muscular fitnessTONE
86.1%
🎬 ____ Montana, film's protagonist 🎬TONY
85.7%

Today's Daily Dose

Missing Word
1971 Movies A-Z

Word Ladder
Complete Tour

Quick Pick
Logo Colors

On This Day
January 19th

You're not logged in!

Compare scores with friends on all Sporcle quizzes.
Sign Up with Email
OR
Log In

You Might Also Like...

Show Comments

Extras

Top Quizzes Today


Score Distribution

Your Account Isn't Verified!

In order to create a playlist on Sporcle, you need to verify the email address you used during registration. Go to your Sporcle Settings to finish the process.